[Event "XII TCh-RUS 1st League"]
[Site "Smolensk RUS"]
[Date "2005.02.05"]
[Round "4"]
[White "Rychagov,A"]
[Black "Aleshin,O"]
[Result "1-0"]
[WhiteElo "2546"]
[BlackElo "2423"]

1.d4 Nf6 2.c4 e6 3.Nc3 Bb4 4.Qc2 O-O 5.a3 Bxc3+ 6.Qxc3 b6 7.Bg5 Ba6 8.e3 d6
9.Nf3 Nbd7 10.Qc2 c5 11.Qa4 Bb7 12.Be2 Qc7 13.O-O h6 14.Bh4 Ne4 15.Rfd1 Rfe8
16.Nd2 Nxd2 17.Rxd2 d5 18.cxd5 cxd4 19.d6 Qxd6 20.Rxd4 Qc6 21.Qxc6 Bxc6 22.Rc1 Nc5
23.b4 Nb3 24.Rxc6 Nxd4 25.exd4 Rec8 26.b5 Rxc6 27.bxc6 Rc8 28.Bb5 a6 29.Bxa6 Rxc6
30.f3 Rc1+ 31.Kf2 Kf8 32.Bd8 Rb1 33.a4 Ke8 34.Bc7 Rb2+ 35.Kg3 Kd7 36.Be5 f6
37.Bb5+ Kd8 38.Bf4 g5 39.Be3 Kc7 40.h4 Rb3 41.Bf2 f5 42.hxg5 hxg5 43.Kh3 g4+
44.Kg3 gxf3 45.gxf3 Kd6 46.Kf4 Kd5 47.Bd7 Kd6 48.Bb5 Kd5 49.Be8 Rd3 50.Bd7 Rd2
51.Ke3 Rb2 52.Bh4 Rb3+ 53.Kf4 Rb4 54.Bf6 Kd6 55.Bb5 Kd5 56.Kg5 Rb3 57.f4 Rg3+
58.Kh6 Rg8 59.Be5 Rc8 60.Kg6 Rg8+ 61.Kf7 Ra8 62.Ke7 Ra7+ 63.Bd7 Rb7 64.Kd8 Ra7
65.Kc8 Ke4 66.Bxe6 Rxa4 67.d5 b5 68.d6 Ra8+ 69.Kb7 Rf8 70.d7  1-0

[Event "XII TCh-RUS 1st League"]
[Site "Smolensk RUS"]
[Date "2005.02.10"]
[Round "9"]
[White "Rychagov,A"]
[Black "Shalimov,V UKR"]
[Result "1-0"]
[WhiteElo "2546"]
[BlackElo "2445"]

1.d4 Nf6 2.c4 e6 3.Nc3 Bb4 4.Qc2 O-O 5.a3 Bxc3+ 6.Qxc3 b6 7.Bg5 Bb7 8.e3 h6
9.Bh4 d6 10.f3 Nbd7 11.Nh3 c5 12.Be2 Qc7 13.O-O e5 14.dxe5 dxe5 15.Rad1 Rfe8
16.Rd2 Nh7 17.Rfd1 Nhf8 18.Nf2 f6 19.Bd3 Bc6 20.Be4 a5 21.Qc2 Ra7 22.Bxc6 Qxc6
23.Rd6 Qb7 24.Ne4 Re6 25.R6d5 Qb8 26.Nd6 a4 27.Nb5 Rb7 28.Qxa4 e4 29.Bg3 Qe8
30.f4 Nb8 31.f5 Re5 32.Bxe5 fxe5 33.Qa8  1-0

[Event "Nordea Cup"]
[Site "Dianalund DEN"]
[Date "2005.02.15"]
[Round "4"]
[White "Dalberg,P"]
[Black "Olsen,H"]
[Result "1/2-1/2"]
[WhiteElo "2219"]
[BlackElo "2345"]

1.c4 Nf6 2.Nc3 e6 3.d4 Bb4 4.Qc2 O-O 5.a3 Bxc3+ 6.Qxc3 b6 7.Bg5 Bb7 8.e3 d6
9.f3 Nbd7 10.Bd3 c5 11.dxc5 bxc5 12.Ne2 Qb6 13.O-O h6 14.Bh4 Bc6 15.b3 Rab8
16.Bc2 Qc7 17.Rfd1 Rb6 18.Bg3 Ba8 19.Rd3 Rfb8 20.Rad1 e5 21.Qa5 Ne8 22.Nc3 a6
23.Nd5 Bxd5 24.Rxd5 Ndf6 25.R5d2 Qe7 26.Qc3 Qe6 27.e4 Nh5 28.Bf2 Nf4 29.Be3 Qe7
30.Bxf4 exf4 31.e5 dxe5 32.Rd7 Qe6 33.Qd3 g6 34.Rd8 Rxd8 35.Qxd8 Kg7 36.Qd7 Qxd7
37.Rxd7 Kf6 38.Rd5 Rc6 39.Be4 Rc7 40.Rd8 Ke7 41.Ra8 Nf6 42.Rxa6 Nxe4 43.fxe4 Rb7
44.Rc6 Rxb3 45.Rxc5 Rxa3 46.Rxe5+ Kf6 47.Re8 Rc3 48.e5+ Kf5 49.Re7 Rxc4 50.Rxf7+ Kxe5
51.Kf2 g5 52.Rh7 Rc2+ 53.Kf3 g4+ 54.Kxg4 Rxg2+ 55.Kf3 Rxh2 56.Re7+ Kf5  1/2-1/2

[Event "3rd Breizh Masters"]
[Site "Guingamp FRA"]
[Date "2005.02.20"]
[Round "3"]
[White "Terrieux,K"]
[Black "Foisor,C"]
[Result "1/2-1/2"]
[WhiteElo "2223"]
[BlackElo "2411"]

1.d4 Nf6 2.c4 e6 3.Nc3 Bb4 4.Qc2 O-O 5.Bg5 c5 6.dxc5 Na6 7.a3 Bxc5 8.e3 Be7
9.Nf3 d6 10.Be2 b6 11.O-O Bb7 12.Rfd1 Nc5 13.Rd4 Ne8 14.Bxe7 Qxe7 15.b4 Nd7
16.Rad1 f5 17.Nb5 e5 18.R1d2 Rf6 19.Nxd6 Rxd6 20.Rxd6 Nxd6 21.Qd3 Kf8 22.Qxd6 Qxd6
23.Rxd6 Ke7 24.Rd1 a5 25.c5 axb4 26.axb4 Bxf3 27.Bxf3 e4 28.Be2 bxc5 29.Bb5 Ra7
30.bxc5 Nxc5 31.h4 Rb7 32.Bc4 Rd7 33.Rxd7+ Nxd7 34.Bg8 Nf6 35.Bb3 Kd6 36.Kf1 Ke5
37.Ke2 f4 38.exf4+ Kxf4 39.g3+ Ke5 40.f3 Nh5 41.Kf2 e3+ 42.Kxe3 Nxg3 43.f4+ Kf6
44.Kf3 Nf5 45.Kg4 h6 46.Ba2 Nd4 47.Bc4 Nc6 48.Bd5 Nb4 49.Bb3 Kg6 50.h5+ Kf6
51.Bd1 Nd5 52.Bb3 Ne3+ 53.Kf3 Nf5 54.Kg4 Nd4 55.Bc4 Ke7 56.Bd3 Kd6 57.Be4 Kc5
58.Ba8 Kc4 59.Be4 Kc3 60.f5 Kd2 61.Kf4 Ne2+ 62.Ke5 Ke3 63.Ba8  1/2-1/2

[Event "Aeroflot Open B"]
[Site "Moscow RUS"]
[Date "2005.02.20"]
[Round "6"]
[White "Ikonnikov,Vy"]
[Black "Zagrebelny,S"]
[Result "1/2-1/2"]
[WhiteElo "2541"]
[BlackElo "2489"]

1.d4 Nf6 2.c4 e6 3.Nc3 Bb4 4.Qc2 O-O 5.Nf3 b6 6.a3 Bxc3+ 7.Qxc3 Bb7 8.Bg5 d6
9.e3 Nbd7 10.Be2 Rc8 11.Bh4 c5 12.Rd1 Qe7 13.O-O Ne4 14.Qb3 d5 15.dxc5 Ndxc5
16.Qa2 dxc4 17.Bxc4 Nf6 18.Bg3 Nce4 19.Bd3 Nxg3 20.hxg3 Rfd8 21.Qb1 h6 22.Rc1 Qd7
23.Ne5 Qa4 24.Rxc8 Rxc8 25.Rc1 Qa5 26.Nf3  1/2-1/2

[Event "Aeroflot Open B"]
[Site "Moscow RUS"]
[Date "2005.02.22"]
[Round "8"]
[White "Potkin,V"]
[Black "Zagrebelny,S"]
[Result "1/2-1/2"]
[WhiteElo "2546"]
[BlackElo "2489"]

1.d4 Nf6 2.c4 e6 3.Nc3 Bb4 4.Qc2 O-O 5.e4 d6 6.e5 dxe5 7.dxe5 Ng4 8.Nf3 Nc6
9.a3 Bc5 10.Ne4 Nd4 11.Nxd4 Bxd4 12.Bg5 f6 13.exf6 gxf6 14.Bh4 Qe7 15.O-O-O c5
16.h3 Ne5 17.g4 Ng6 18.Bg3 e5 19.Bd3 Be6 20.Nc3 Qf7 21.Ne4 Qe7 22.Nc3 Qf7
23.Ne4  1/2-1/2

[Event "3rd Breizh Masters Women"]
[Site "Guingamp FRA"]
[Date "2005.02.24"]
[Round "7"]
[White "Foisor,S"]
[Black "Benard,A"]
[Result "1/2-1/2"]
[WhiteElo "2229"]
[BlackElo "2078"]

1.d4 Nf6 2.c4 e6 3.Nc3 Bb4 4.Qc2 O-O 5.Nf3 h6 6.e4 d6 7.Bd3 b6 8.e5 Ne8 9.O-O Bb7
10.Ne4 d5 11.Ng3 dxc4 12.Qxc4 Ba6 13.Qc2 Bxd3 14.Qxd3 Be7 15.Qe4 Qd5 16.Qg4 Kh7
17.Qh5 Nc6 18.Be3 Bd8 19.Ne2 Ne7 20.Nf4 Qd7 21.Ng5+ Kg8 22.Ne4 Nf5 23.Rad1 c6
24.Qh3 Qe7 25.Bc1 Qh4 26.Qf3 Qe7 27.b3 Nh4 28.Qg4 Nf5 29.Nh5 Qh4 30.Qf3 Qe7
31.Nf4 Nh4 32.Qc3 Rc8 33.b4 Qd7 34.Rd3 Nf5 35.Qc4 Nc7 36.g4 Nh4 37.Nh5 Nd5
38.f4 Be7 39.a3 Rc7 40.Nhg3 Rfc8 41.f5 c5 42.dxc5 bxc5 43.b5 Nb6 44.Rxd7 Nxc4
45.Rxc7 Rxc7 46.f6 Bf8 47.g5 hxg5 48.Bxg5 Ng6 49.Rd1 Ncxe5 50.Kg2 Rd7  1/2-1/2

[Event "XI Anibal Open"]
[Site "Linares ESP"]
[Date "2005.03.01"]
[Round "6"]
[White "Szymanski,M"]
[Black "Komljenovic,D"]
[Result "0-1"]
[WhiteElo "2422"]
[BlackElo "2492"]

1.d4 Nf6 2.c4 e6 3.Nc3 Bb4 4.Qc2 O-O 5.e4 d5 6.e5 Ne4 7.Bd3 c5 8.cxd5 exd5
9.Ne2 cxd4 10.Nxd4 Nd7 11.f4 Qh4+ 12.g3 Qh3 13.Bf1 Qh6 14.Bg2 Qa6 15.a3 Bxc3+
16.bxc3 Ndc5 17.Bf1 Qa5 18.Bb2 Bd7 19.Be2 Ba4 20.Qc1 Qb6 21.Rf1 f6 22.Rb1 fxe5
23.fxe5 Rxf1+  0-1

[Event "Acropolis GM Open"]
[Site "Athens GRE"]
[Date "2005.03.06"]
[Round "1"]
[White "Parginos,V"]
[Black "Sigalas,F"]
[Result "1-0"]
[WhiteElo "2109"]
[BlackElo "2306"]

1.d4 Nf6 2.c4 e6 3.Nc3 Bb4 4.Qc2 O-O 5.e4 d5 6.e5 Ne4 7.Bd3 c5 8.Ne2 f5 9.exf6 cxd4
10.a3 Ba5 11.b4 Qxf6 12.O-O Bc7 13.Nxe4 dxe4 14.Bxe4 h6 15.Bb2 e5 16.Ng3 Nc6
17.Rad1 Be6 18.Rd3 Qh4 19.Bc1 Rad8 20.Re1 Rfe8 21.Bh7+ Kh8 22.Re4 Qe7 23.Bg6 Bf7
24.Bf5 Be6 25.Bxe6 Qxe6 26.Nh5 Qg6 27.Qe2 Rd7 28.Nf4 Qh7 29.Qg4  1-0

[Event "Acropolis Women's GM Open"]
[Site "Athens GRE"]
[Date "2005.03.07"]
[Round "2"]
[White "Botsari,A"]
[Black "Karlovich,A"]
[Result "1-0"]
[WhiteElo "2307"]
[BlackElo "2160"]

1.d4 Nf6 2.c4 e6 3.Nc3 Bb4 4.Qc2 O-O 5.a3 Bxc3+ 6.Qxc3 b6 7.f3 c5 8.dxc5 bxc5
9.Bg5 Nc6 10.e3 Rb8 11.Nh3 h6 12.Bxf6 Qxf6 13.Qxf6 gxf6 14.O-O-O Rd8 15.Nf2 f5
16.f4 Ba6 17.g4 Na5 18.gxf5 exf5 19.Rg1+ Kf8 20.Rd5 Bxc4 21.Rxf5 Bxf1 22.Rxf1 Rb6
23.Nd3 d6 24.Rh5 Re8 25.Re1 Nb3+ 26.Kc2 Kg7 27.Rg1+ Kh7 28.Rg3 Rg8 29.Rxh6+ Kxh6
30.Rxg8 a5 31.Rg5 c4 32.Nf2 Nc5 33.h4 a4 34.Rd5 Ne6 35.Ng4+ Kg7 36.h5 Rc6
37.h6+ Kh8 38.Nf6 Rb6 39.Ra5 Nc7 40.Rg5 Rb8 41.h7  1-0

[Event "Acropolis GM Open"]
[Site "Athens GRE"]
[Date "2005.03.09"]
[Round "4"]
[White "Drakopoulos,A"]
[Black "Papadopoulos,I"]
[Result "1/2-1/2"]
[WhiteElo "2182"]
[BlackElo "2241"]

1.d4 Nf6 2.c4 e6 3.Nc3 Bb4 4.Qc2 O-O 5.a3 Bxc3+ 6.Qxc3 b5 7.cxb5 c6 8.e3 Bb7
9.Nf3 Ne4 10.Qc2 cxb5 11.Bd2 Qb6 12.Rc1 Na6 13.Be2 Rfc8 14.Qd1 Nxd2 15.Qxd2 Rxc1+
16.Qxc1 Rc8 17.Qd2 Be4 18.O-O f6 19.Rc1 Rc6 20.Ne1 Nc7 21.f3 Rxc1 22.Qxc1 Bb7
23.Nd3 d6 24.Kf2 a5 25.Bd1 Kf7 26.Bb3 f5 27.Ke2 h6 28.h4 g6 29.Qc3 Nd5 30.Bxd5 Bxd5
31.b3 g5 32.hxg5 hxg5 33.Kf2 Qd8 34.Kg1 Kg6 35.Nf2 Bb7 36.e4 Qc8 37.exf5+ exf5
38.Qd2 Bd5 39.b4 a4 40.Nh3 f4 41.Qd3+ Kh6 42.Qxb5 Qc1+ 43.Kh2 Qe1 44.Qd7 Be6
45.Qxd6 Qg3+  1/2-1/2

[Event "Acropolis GM Open"]
[Site "Athens GRE"]
[Date "2005.03.11"]
[Round "6"]
[White "Parginos,V"]
[Black "Papadopoulos,I"]
[Result "1/2-1/2"]
[WhiteElo "2109"]
[BlackElo "2241"]

1.d4 Nf6 2.c4 e6 3.Nc3 Bb4 4.Qc2 O-O 5.e4 Bxc3+ 6.bxc3 d6 7.Nf3 c5 8.Bd3 h6
9.e5 dxe5 10.dxe5 Nfd7 11.h4 Nc6 12.Bf4 Qc7 13.Qe2 f5 14.Rh3 Ne7 15.Rg3 Kf7
16.Rd1 Ng6 17.Qe3 Nxf4 18.Qxf4 Qa5 19.Kf1 Qa4 20.Re1 Nb6 21.Kg1 Nd5 22.Qd2 Ne7
23.h5 Rd8 24.Nh4 Qxc4 25.Ng6 Nxg6 26.hxg6+ Kg8 27.Qe2 Qh4 28.Bc4 a6 29.Rd3 b5
30.Red1 Rxd3 31.Qxd3 Kf8 32.Qf3 Rb8 33.Qc6 Qe7 34.Bb3 c4 35.Bc2 Bb7 36.Qb6 Re8
37.Rd6 Bd5 38.Bxf5 Qg5 39.Bh3 Qxe5 40.Qa7 Qf4 41.Rd7 Qc1+ 42.Kh2 Qf4+ 43.g3 Qe5
44.Rf7+ Kg8 45.Qd7 Ra8 46.Re7 Rf8 47.Re8 Qf6 48.Rxf8+ Kxf8 49.Qc8+ Ke7 50.Qc7+ Ke8
51.Qc8+ Ke7 52.Qc7+ Ke8 53.Qc8+  1/2-1/2

[Event "TCh-SWE Elitserien 2004-5"]
[Site "Malmo SWE"]
[Date "2005.03.11"]
[Round "9"]
[White "Tikkanen,H"]
[Black "Lindberg,Be"]
[Result "*"]
[WhiteElo "2375"]
[BlackElo "2422"]

1.d4 Nf6 2.c4 e6 3.Nc3 Bb4 4.Qc2 O-O 5.a3 Bxc3+ 6.Qxc3 b6 7.e3 c5 8.Bd3 Bb7
9.Ne2 d5 10.b3 Nbd7 11.O-O Rc8 12.a4 dxc4 13.bxc4 Re8 14.Bb2 cxd4 15.exd4 e5
16.Bf5 exd4 17.Nxd4 Be4 18.Rad1 Re7 19.Rfe1 Bxf5 20.Nxf5 Rxe1+ 21.Qxe1 Rc5
22.Bxf6 gxf6 23.Qe4 Kh8 24.h3 Re5 25.Qg4  *

[Event "Sozina Open"]
[Site "Bar SCG"]
[Date "2005.03.12"]
[Round "9"]
[White "Lapcevic,M"]
[Black "Perunovic,Mil"]
[Result "0-1"]
[WhiteElo "2229"]
[BlackElo "2564"]

1.d4 Nf6 2.c4 e6 3.Nc3 Bb4 4.Qc2 O-O 5.a3 Bxc3+ 6.Qxc3 b6 7.Bg5 h6 8.Bh4 Ba6
9.e3 d6 10.Nf3 Nbd7 11.Be2 c5 12.O-O Rc8 13.b4 cxb4 14.axb4 Bxc4 15.Bxc4 b5
16.Rxa7 Nb6 17.e4 Rxc4 18.Qd2 Qb8 19.Ra5 Nxe4 20.Qf4 Nc3 21.Qg4 Nbd5  0-1

[Event "FSIMA March"]
[Site "Budapest HUN"]
[Date "2005.03.12"]
[Round "8"]
[White "Kahn,E"]
[Black "Zhang Jilin"]
[Result "1/2-1/2"]
[WhiteElo "2293"]
[BlackElo "2321"]

1.d4 Nf6 2.c4 e6 3.Nc3 Bb4 4.Qc2 O-O 5.a3 Bxc3+ 6.Qxc3 b6 7.Bg5 Bb7 8.Nf3 d6
9.e3 Nbd7 10.Nd2 h6 11.Bh4 c5 12.f3 d5 13.cxd5 exd5 14.Bd3 Qe7 15.Bb5 Qe6
16.O-O Rac8 17.Rfe1 a6 18.Bd3 Rfd8 19.Rad1 cxd4 20.Qxd4 Ne5 21.Bb1 Re8 22.f4 Ned7
23.Ba2 Qc6 24.Nf3 Re4 25.Qd2 Qd6 26.Nd4 Ree8 27.Nf5 Qe6 28.Bb1 Nc5 29.Bxf6 Qxf6
30.Qd4 Rc6 31.b4 Ne4 32.Bxe4 Rxe4 33.Qxf6 Rxf6 34.Nd4 g5 35.f5 Bc8 36.Rc1 Bd7
37.Rc7 Bb5 38.Kf2 g4 39.Rc8+ Kg7 40.Rd8 Bc4 41.a4 h5 42.g3 Rh6 43.h4 Rh8
44.f6+ Kh7 45.Rd6 Rb8 46.b5 axb5 47.axb5 Ra8 48.Rxb6 Ra2+ 49.Kg1 Re8 50.Rb7 Kg6
51.b6 Rea8 52.Rc1 Rb2 53.Ra7 Rc8 54.Rc7 Ra8 55.Ra7 Rb8 56.Nc6 R8xb6 57.Ne5+ Kf5
58.Nxc4 dxc4 59.Rf1+ Kg6 60.Rc7 Rxf6 61.Rxf6+ Kxf6 62.Rxc4 Ke5 63.Kf1 Rd2
64.Ra4 f5 65.Rb4 Kd5 66.Ra4 Rc2 67.Rf4 Ke5 68.Ra4 Rc3 69.Kf2 Rc2+ 70.Kf1 Rh2
71.Rc4 Ke6 72.Rc5 Ra2  1/2-1/2

[Event "TCh-SWE Elitserien 2004-5"]
[Site "Malmo SWE"]
[Date "2005.03.12"]
[Round "10"]
[White "Ahlander,B"]
[Black "Carlsson,P"]
[Result "1-0"]
[WhiteElo "2398"]
[BlackElo "2381"]

1.d4 Nf6 2.c4 e6 3.Nc3 Bb4 4.Qc2 O-O 5.a3 Bxc3+ 6.Qxc3 b6 7.Nf3 d6 8.g3 Nbd7
9.Bg2 Bb7 10.O-O a5 11.b3 Be4 12.Bb2 Qe7 13.Bh3 a4 14.b4 c6 15.Nd2 d5 16.Rac1 b5
17.c5 Bg6 18.f3 Ne8 19.e4 Nc7 20.Rce1 f5 21.exf5 Bxf5 22.Bg2 g5 23.Re2 Qg7
24.Bc1 Qg6 25.Re3 Qg7 26.Rfe1 Rae8 27.Nf1 g4 28.fxg4 Bxg4 29.h3 Bf5 30.R3e2 Nf6
31.Bf4 Ne4 32.Qe3 Qd7 33.Be5 Bg6 34.Nh2 Rf5 35.Ng4 h5 36.Bxe4 dxe4 37.Nf6+ Rxf6
38.Bxf6 Kh7 39.Qg5 Rf8 40.Be5 Rf5 41.Qh4 Nd5 42.g4 Rxe5 43.dxe5 Nf4 44.gxh5 Nxe2+
45.Rxe2 Bf5 46.Rg2 Qd4+ 47.Kh1  1-0

[Event "FSIMB March"]
[Site "Budapest HUN"]
[Date "2005.03.14"]
[Round "10"]
[White "Fodor,T jr"]
[Black "Eperjesi,L"]
[Result "1/2-1/2"]
[WhiteElo "2226"]
[BlackElo "2283"]

1.d4 Nf6 2.c4 e6 3.Nc3 Bb4 4.Qc2 O-O 5.e4 d5 6.e5 Ne4 7.Bd3 c5 8.a3 Bxc3+
9.bxc3 Qa5 10.Ne2 cxd4 11.O-O dxc3 12.Bxe4 dxe4 13.Bf4 Nc6 14.Qxe4 Bd7 15.Rfc1 f6
16.exf6 Rxf6 17.Rxc3 Qf5 18.Qe3 Rc8 19.Bg3 e5 20.Rd1 Be6 21.h3 b6 22.Rd6 h5
23.Rxc6 Rxc6 24.Bxe5 Rxc4 25.Bxf6 Qxf6 26.Rxc4 Bxc4 27.Ng3 Bf7 28.Ne4  1/2-1/2

[Event "ch-BLR"]
[Site "Minsk BLR"]
[Date "2005.03.16"]
[Round "13"]
[White "Maiorov,N"]
[Black "Lomako,P"]
[Result "1-0"]
[WhiteElo "2457"]
[BlackElo "2366"]

1.d4 Nf6 2.c4 e6 3.Nc3 Bb4 4.Qc2 O-O 5.a3 Bxc3+ 6.Qxc3 b6 7.Bg5 h6 8.Bh4 Bb7
9.f3 d5 10.e3 Nbd7 11.Nh3 c5 12.cxd5 Nxd5 13.Bxd8 Nxc3 14.Be7 Rfe8 15.Bh4 Nd5
16.Bb5 g5 17.Bf2 Red8 18.e4 Nc7 19.Bxd7 Rxd7 20.dxc5 bxc5 21.Bxc5 f5 22.Nf2 a5
23.h4 g4 24.fxg4 fxe4 25.O-O Rd2 26.Rad1 Rxb2 27.Rd7 Ne8 28.Nd1  1-0

[Event "Norwegian Open"]
[Site "Oslo NOR"]
[Date "2005.03.19"]
[Round "1"]
[White "Bjerke,S"]
[Black "Kveinys,A"]
[Result "1/2-1/2"]
[WhiteElo "2120"]
[BlackElo "2518"]

1.d4 Nf6 2.c4 e6 3.Nc3 Bb4 4.Qc2 O-O 5.a3 Bxc3+ 6.Qxc3 b6 7.Bg5 Bb7 8.f3 d5
9.e3 Re8 10.Bd3 Nbd7 11.cxd5 exd5 12.Ne2 h6 13.Bh4 Qe7 14.Bf2 c5 15.O-O Rac8
16.Qd2 Nf8 17.Ng3 Ne6 18.Nf5 Qf8 19.Bg3 Red8 20.Be5 Ne8 21.Qf2 f6 22.Qg3 Kf7
23.Nh4 fxe5 24.Ng6 Qg8 25.Nxe5+ Ke7 26.Ng6+ Kf7 27.Ne5+ Ke7 28.Ng6+ Kf7 29.Ne5+  1/2-1/2

[Event "US Amateur Team East"]
[Site "Parsippany USA"]
[Date "2005.03.21"]
[Round "5"]
[White "Sarkar,J"]
[Black "Milisits,R"]
[Result "1-0"]
[WhiteElo "2386"]
[BlackElo "2192"]

1.d4 Nf6 2.c4 e6 3.Nc3 Bb4 4.Qc2 O-O 5.e4 c5 6.e5 Ne8 7.a3 Bxc3+ 8.bxc3 Nc6
9.Bd3 f5 10.exf6 Nxf6 11.Nf3 d6 12.O-O e5 13.dxc5 dxc5 14.Bg5 h6 15.Be3 Qe7
16.Be4 Nxe4 17.Qxe4 Bf5 18.Qd5+ Be6 19.Qxc5 Qxc5 20.Bxc5 Bxc4 21.Bxf8 Bxf1
22.Bd6 e4 23.Rxf1 exf3 24.c4 Rd8 25.c5 fxg2 26.Kxg2 Rd7 27.Kf3 b6 28.Rb1 bxc5
29.Bxc5 Kf7 30.Ke4 Ke6 31.Rg1 Kf6 32.h4 g6 33.Be3 h5 34.Rc1 Ne7 35.Rc5 Nf5
36.Ra5 Nxe3 37.fxe3 Re7+ 38.Kf4 Rc7 39.e4 Ke6 40.Kg5 Kf7 41.Ra6 Re7 42.Rf6+ Ke8
43.Kf4 Rg7 44.e5 Kd7 45.Kg5 Re7 46.Rd6+ Kc7 47.Kf6 Re8 48.Rd4 Kc6 49.e6 Kc5
50.Rd3 Kc4 51.Re3 Kd4 52.Re1 Kc3 53.Kf7  1-0

[Event "43rd Doeberl Cup"]
[Site "Canberra AUS"]
[Date "2005.03.26"]
[Round "4"]
[White "Rogers,I"]
[Black "Wohl,A"]
[Result "1-0"]
[WhiteElo "2594"]
[BlackElo "2378"]

1.d4 Nf6 2.c4 e6 3.Nc3 Bb4 4.Qc2 O-O 5.e4 d6 6.Bd3 Nc6 7.Ne2 e5 8.d5 Ne7
9.a3 Bxc3+ 10.Qxc3 c6 11.dxc6 Nxc6 12.O-O Be6 13.b3 Rc8 14.Qb2 Nd7 15.Be3 Nc5
16.Bc2 f5 17.exf5 Bxf5 18.Bxf5 Rxf5 19.Rad1 Qe7 20.b4 Ne6 21.Qd2 Nf4 22.Ng3 Rf6
23.Ne4 Rg6 24.Bxf4 exf4 25.Nxd6 Rf8 26.Qd5+ Kh8 27.Rfe1 Qf6 28.Re8 Rxe8 29.Nxe8 Qh4
30.Nd6 h6 31.Nf7+ Kh7 32.Qf5 Qf6 33.Qxf6 Rxf6 34.Nd6 b6 35.f3 Re6 36.Ne4 Ne5
37.Rd4 g5 38.b5 Kg6 39.a4 Kf7 40.a5 bxa5 41.c5 Ke7 42.c6 Nxc6 43.bxc6 Rxc6
44.h4 gxh4 45.Kh2  1-0

[Event "ch-EU"]
[Site "Cork IRL"]
[Date "2005.03.26"]
[Round "5"]
[White "Baburin,A"]
[Black "Gyimesi,Z"]
[Result "0-1"]
[WhiteElo "2523"]
[BlackElo "2602"]

1.d4 Nf6 2.c4 e6 3.Nc3 Bb4 4.Qc2 O-O 5.a3 Bxc3+ 6.Qxc3 b6 7.Bg5 h6 8.Bh4 Ba6
9.Qf3 Nc6 10.e3 Na5 11.Rc1 c5 12.Bxf6 Qxf6 13.Qxf6 gxf6 14.d5 Rfc8 15.Nh3 Rab8
16.Nf4 b5 17.cxb5 Bxb5 18.Bxb5 Rxb5 19.b4 Nb3 20.Rc3 c4 21.e4 a5 22.Nh5 axb4
23.axb4 f5 24.Nf6+ Kg7 25.e5 f4 26.g3 f3 27.g4 Ra8 28.O-O exd5 29.h4 d4  0-1

[Event "ch-EU"]
[Site "Cork IRL"]
[Date "2005.03.26"]
[Round "5"]
[White "Cech,P"]
[Black "Pritchett,C"]
[Result "0-1"]
[WhiteElo "2407"]
[BlackElo "2258"]

1.d4 Nf6 2.c4 e6 3.Nc3 Bb4 4.Qc2 O-O 5.e4 d6 6.Bd3 Nc6 7.Ne2 e5 8.d5 Ne7
9.O-O Nh5 10.Na4 c5 11.a3 Ba5 12.Rb1 Bc7 13.b4 b6 14.f4 exf4 15.Nxf4 Nxf4
16.Bxf4 Ng6 17.Bg3 h5 18.Nc3 h4 19.Bf4 Nxf4 20.Rxf4 Qg5 21.Rbf1 Bd8 22.Qf2 Bf6
23.Rxf6 Qxf6 24.Qxf6 gxf6 25.Rxf6 cxb4 26.axb4 Rd8 27.b5 Kg7 28.Rf4 a6 29.Rxh4 Bd7
30.Rf4 axb5 31.Nxb5 Bxb5 32.cxb5 Ra3 33.Bf1 Rc8 34.h4 Rc1 35.h5 Raa1 36.g4 f6
37.Kg2 Re1 38.Bd3 Re3 39.Rf3 Rxf3 40.Kxf3 Ra3 41.Ke3 Kh6 42.e5 fxe5 43.Ke4 Kg5
44.Be2 Ra4+ 45.Ke3 Rb4 46.Kf2 Rd4 47.Bf3 Rd3 48.Kg2 Rd2+ 49.Kf1 Kf4 50.Be2 Kg5
51.Bf3 Rh2  0-1

[Event "Spring Open"]
[Site "Belgrade SCG"]
[Date "2005.03.27"]
[Round "3"]
[White "Brujic,B"]
[Black "Pavlovic,Drago"]
[Result "1-0"]
[WhiteElo "2221"]
[BlackElo "2261"]

1.d4 Nf6 2.c4 e6 3.Nc3 Bb4 4.Qc2 O-O 5.e4 d5 6.e5 Ne4 7.Bd3 c5 8.Bxe4 dxe4
9.dxc5 Na6 10.Ne2 Nxc5 11.O-O Qd3 12.Qxd3 exd3 13.Nd4 Rd8 14.Be3 Bxc3 15.bxc3 b6
16.Rfd1 Ba6 17.Nb5 Bxb5 18.cxb5 Rac8 19.Bd4 Rd5 20.Rab1 f6 21.f4 fxe5 22.fxe5 Kf7
23.Rb2 Ne4 24.Rxd3 Rc4 25.Re2 Nc5 26.Rf3+ Kg8 27.Ref2 Nd7 28.Rf7 h6 29.Re7 Nxe5
30.Re2 Nf7 31.R2xe6 Rxb5 32.Rxa7 Rc8 33.Ree7 Rf8 34.h4 Rb2 35.Reb7 g5 36.hxg5 hxg5
37.Rxb6 Rxb6 38.Bxb6 Rb8 39.Bd4 Rb1+ 40.Kh2 Rb2 41.Kg3 Nd6 42.Kf3 Nb5 43.Rg7+ Kf8
44.Rxg5 Nxd4+ 45.cxd4 Rxa2 46.g4 Kf7 47.Rf5+ Ke6 48.d5+ Kd6 49.g5 Ra1 50.Kg4  1-0

[Event "Open"]
[Site "Coventry ENG"]
[Date "2005.03.28"]
[Round "8"]
[White "Dearing,E"]
[Black "Martyn,R"]
[Result "1-0"]
[WhiteElo "2408"]
[BlackElo "2281"]

1.d4 Nf6 2.c4 e6 3.Nc3 Bb4 4.Qc2 O-O 5.a3 Bxc3+ 6.Qxc3 b6 7.Bg5 Ba6 8.e3 d6
9.Nf3 Nbd7 10.Qc2 c5 11.Qa4 Bb7 12.Be2 d5 13.cxd5 Bxd5 14.O-O cxd4 15.Nxd4 Qe7
16.f3 e5 17.Nf5 Qe6 18.e4 Bb3 19.Qb4 Nc5 20.Rac1 g6 21.Ne3 Rad8 22.Bxf6 Rd4
23.Ng4 h5 24.Qe1 hxg4 25.Qh4  1-0

[Event "ch-FRA Top 16 GpB"]
[Site "Cannes FRA"]
[Date "2005.04.02"]
[Round "6"]
[White "Le Roch,D"]
[Black "Hinks Edwards,T"]
[Result "0-1"]
[WhiteElo "1948"]
[BlackElo "2383"]

1.d4 Nf6 2.c4 e6 3.Nc3 Bb4 4.Qc2 O-O 5.e4 d5 6.e5 Ne4 7.Bd3 c5 8.dxc5 Nd7
9.cxd5 exd5 10.Bxe4 dxe4 11.Be3 Nxe5 12.Qxe4 Re8 13.Rd1 Qa5 14.Ne2 Bg4 15.Qc2 Nc4
16.O-O Bxc3 17.bxc3 Nxe3 18.fxe3 Qxc5 19.Rd4 Rxe3 20.Rf2 Bxe2 21.Rxe2 Rxc3
22.Qe4 g6 23.Qd5 Qxd5 24.Rxd5 Rac8 25.Rd7 R8c7 26.Rd8+ Kg7 27.Rd5 Rc2 28.Rxc2 Rxc2
29.Rd7 Rb2 30.a4 a5 31.Kf1 h5 32.h3 h4 33.Rc7 b6 34.Rb7 g5 35.Ra7 Kg6 36.Ra8 Kf5
37.Rf8 f6 38.Re8 Rb4 39.Rb8 Kf4 40.Ke2 Rb2+ 41.Kf1 Kg3 42.Rd8 Rb1+ 43.Ke2 Kxg2  0-1

[Event "FSIM April"]
[Site "Budapest HUN"]
[Date "2005.04.03"]
[Round "2"]
[White "Fodor,I2"]
[Black "Cherniack,A"]
[Result "1-0"]
[WhiteElo "2150"]
[BlackElo "2238"]

1.d4 Nf6 2.c4 e6 3.Nc3 Bb4 4.Qc2 O-O 5.a3 Bxc3+ 6.Qxc3 d6 7.Bg5 Nbd7 8.f3 a5
9.e3 Re8 10.Bd3 e5 11.Ne2 h6 12.Bh4 Qe7 13.O-O Nf8 14.Qc2 c6 15.Nc3 Qe6 16.Rad1 Bd7
17.d5 Qe7 18.Ne4 g5 19.Nxf6+ Qxf6 20.Bg3 cxd5 21.cxd5 Rac8 22.Qb3 a4 23.Qb4 b5
24.Rc1 Qe7 25.Bf2 Red8 26.Qd2 Kg7 27.e4 Ng6 28.g3 h5 29.Be3 f6 30.Rxc8 Rxc8
31.Rc1 Qd8 32.Rxc8 Qxc8 33.Qc2 Qb7 34.Qc3 Kf7 35.Qa5 Ke8 36.Bb6 Qc8 37.Bc7 h4
38.Qb6 hxg3 39.hxg3 Kf7 40.Qxd6 g4 41.fxg4 Kg7 42.Bf1 Qe8 43.Be2 Qf7 44.Bb6 Qe8
45.Be3 Qc8 46.Qc5 Qe8 47.Qc7 Kg8 48.Qd6 Kg7 49.Qc7 Kg8 50.Qd6 Kg7 51.g5 fxg5
52.Bxg5 Bh3 53.Qc7+ Kg8 54.Qd8 Qxd8 55.Bxd8 Bd7 56.Bh5 Nh8 57.Bf6 Nf7 58.Bxf7+ Kxf7
59.Bxe5 Bg4 60.Kf2 Ke7 61.Ke3 Bd1 62.Bf4 Kd7 63.Kd4 Be2 64.e5  1-0

[Event "ch-FRA Top 16 GpA"]
[Site "Noyon FRA"]
[Date "2005.04.03"]
[Round "7"]
[White "David,Alb"]
[Black "Van der Stricht,G"]
[Result "1/2-1/2"]
[WhiteElo "2573"]
[BlackElo "2425"]

1.d4 Nf6 2.c4 e6 3.Nc3 Bb4 4.Qc2 O-O 5.a3 Bxc3+ 6.Qxc3 b6 7.Bg5 Bb7 8.e3 d6
9.Ne2 Nbd7 10.Qd3 Ba6 11.b4 d5 12.b5 Bb7 13.cxd5 Bxd5 14.Nc3 Bb7 15.Be2 a6
16.O-O axb5 17.Nxb5 c6 18.Nc3 Ba6 19.Qc2 Bxe2 20.Nxe2 c5 21.dxc5 Nxc5 22.Rfd1 Qe7
23.Qb2 Na4 24.Qb3 h6 25.Bh4 Ra6 26.Nc3  1/2-1/2

[Event "3rd ch-GER Internet Blitz GpB"]
[Site "playchess INT"]
[Date "2005.04.03"]
[Round "1.1"]
[White "Fridman,D2"]
[Black "Buscher,M"]
[Result "1-0"]
[WhiteElo "2569"]
[BlackElo "2305"]

1.d4 Nf6 2.c4 e6 3.Nc3 Bb4 4.Qc2 O-O 5.a3 Bxc3+ 6.Qxc3 b5 7.cxb5 c6 8.Bg5 cxb5
9.Nf3 Bb7 10.e3 a6 11.Be2 Nc6 12.O-O Ne4 13.Bxd8 Nxc3 14.bxc3 Rfxd8 15.a4 b4
16.d5 exd5 17.cxb4 Nxb4 18.a5 Bc6 19.Nd4 Rdb8 20.Rfc1 Kf8 21.g4 g6 22.Rab1 Kg7
23.Rb2 Nd3 24.Rxb8 Nxc1 25.Rb6 Nxe2+ 26.Nxe2 Bb5 27.Nd4 Rc8 28.Nxb5 Rc1+
29.Kg2 Rb1 30.Nd4  1-0

[Event "Belgrade Cup"]
[Site "Belgrade SCG"]
[Date "2005.04.06"]
[Round "2"]
[White "Vlatkovic,S"]
[Black "Marinkovic,Sl"]
[Result "1/2-1/2"]
[WhiteElo "2308"]
[BlackElo "2421"]

1.d4 Nf6 2.c4 e6 3.Nc3 Bb4 4.Qc2 O-O 5.a3 Bxc3+ 6.Qxc3 b6 7.Bg5 Bb7 8.Nf3 d6
9.e3 Nbd7 10.Nd2 h6 11.Bh4 c5 12.f3 Rc8 13.Be2 d5 14.dxc5 Rxc5 15.b4 Rc8
16.Qb2 Qe7 17.O-O g5 18.Bf2 Rfd8 19.Rfc1 dxc4 20.Nxc4 Nd5 21.e4 Nf4 22.Bf1 f6
23.e5 fxe5 24.Nxe5 Qf6 25.Bd4 Nxe5 26.Bxe5 Qf5 27.Bh8 Qf7 28.Bc4 Kh7 29.Be5 Ng6  1/2-1/2